000 00401nam a2200169Ia 4500
003 GCL
008 140319s9999 xx 000 0 eng d
040 _aGCL /
_cGCL
082 0 4 _a709.2
_bV C
100 1 _aVERDI, RICHARD
245 1 0 _aCEZANNE /
_cVERDI, RICHARD
260 _a[S.N] :
_bTHAMES AND HUDSON ،
_c1992
300 _a216
650 0 4 _aARTS
650 0 4 _aARTS, AFRICE
942 _2ddc
_cBK
999 _c17457
_d17457